000 00732nam a22002057a 4500
005 20240530110914.0
008 220221s2007 ua c g b 000 0 ara d
017 _bمصر. دار الكتب
040 _aEG-CaGPL
_cEG-CaGPL
082 0 4 _221
_a416 /
_bم ب
100 0 _aمحمد حماسة عبداللطيف
245 1 2 _aالبناء العروضى للقصيدة العربية /
_cمحمد حماسة عبداللطيف
260 _aالقاهرة :
_bدار غريب للطباعة والنشر والتوزيع،
_c2008
300 _a326 ص. ؛
_b24 سم
650 0 7 _2qrmak
_aالعروض
650 0 7 _2qrmak
_aالقافية
651 _2qrmak
942 _2ddc
_cBK
999 _c66366
_d66366